000 01106nam a2200265Ia 4500
003 OSt
005 20221005105431.0
006 a|||||r|||| 00| 0
007 ta
008 221004b |||||||| |||| 00| 0 hin d
020 _a987938165072 (hbk)
_c500
024 _a13834
037 _bSP/3343, 19/03/2014, Star Publications Pvt. Ltd.
_cTextual
040 _aCRL
_cCRL
_bhin
041 _2hin
_ahin
082 _aO15,1A1:g, 152Q2
100 _aजोशी, मृदुल
245 0 _aवाल्मीकि रामायण और रामचरितमानस
_b तुलनात्मक संदर्भ में
246 _aVālmīki rāmāyaṇ aur rāmacharitamānasa: tulanātmak sandarbha mean
260 _aनई दिल्ली
_bप्रगतिशील प्रकाशन भारत
_c2012
300 _a154पृ0
_ccm.
650 _aसंस्कृत साहित्य
942 _hO15,1A1:g, 152Q2
_cTEXL
_2cc
999 _c1015796
_d1015796